| 000 | 00487nam a2200157 a 4500 | ||
|---|---|---|---|
| 001 | 000028219 | ||
| 005 | 20200930031441.0 | ||
| 008 | 110407s1939 dr 000 0 spa d | ||
| 040 |
_aDO-SdBNP _bspa _cBNPHU |
||
| 082 |
_axxx _bD841b |
||
| 100 | 1 |
_aDucoudray, J. H. _917452 |
|
| 245 | 1 | 0 |
_aBajo la egida del generalísimo : _b(discursos políticos) / _cJ. H. Ducoudray. |
| 260 |
_aCiudad Trujillo, República Dominicana : _bLa Nación, _c1939. |
||
| 300 |
_a53 p. ; _c19 cm. |
||
| 049 | _aBNPD | ||
| 999 |
_c27711 _d27711 |
||